000 01099cam a22003257a 4500
003 CHAP
005 20220329141152.0
008 971010s1973 r 00010 d
010 _a63769
011 _a64741
035 _a70848
040 _cCHAP
090 _aTesis
100 0 0 _aAguirre Villaseñor, Juan Antonio.
_93053
245 1 3 _aLa evaluación de una empresa avícola productora de huevo con fines de financiamiento
260 _aChapingo, Méx. :
_bEl autor,
_c1973
300 _a28 h. anexo. ilus.
502 _aTesis (Ing. Agrónomo Esp. en Zootecnia) -- ENA. Departamento de Zootecnia
590 _aALEPH
_b10
_c20130110
_lUCH01
_h1346
590 _aBATCH-UPD
_b10
_c20130110
_lUCH01
_h0727
590 _aBATCH-UPD
_b10
_c20130410
_lUCH01
_h0411
590 _aBATCH-UPD
_b10
_c20130913
_lUCH01
_h2323
590 _aCONVERSION
_b10
_c20130109
_lUCH01
_h1334
650 1 4 _aHuevos
_xCostos de producción.
_956746
650 1 4 _aHuevos
_xIndustria.
_956748
901 _aBK
942 _cFOLL
949 _bBC
_cTES
_d-134650
_eTS1
_i70848
_si
949 _bBC
_cTES
_d-134651
_eTS2
_fc.2
_i70848
_si
999 _c63769
_d63769